| 000 | 00504nam a2200205Ia 4500 | ||
|---|---|---|---|
| 003 | OSt | ||
| 005 | 20250819121601.0 | ||
| 008 | 250729s2005 xx 000 0 und d | ||
| 020 | _a978-8176489836 | ||
| 040 | _cAL | ||
| 041 | _aeng | ||
| 082 | _a930.7 SINT | ||
| 100 |
_aSeetharama A S _9221475 |
||
| 245 | _aEducation in rural areas | ||
| 260 |
_aNew Delhi _bA P H Publishing _c2005 |
||
| 300 | _a296p | ||
| 650 |
_aSocial Studies _9221476 |
||
| 700 |
_aUshadevi A S _9221477 |
||
| 942 |
_2ddc _cBED |
||
| 999 |
_c235029 _d235029 |
||